000 00615nam a2200205Ia 4500
008 140321s9999 xx 000 0 und d
020 _a9789381460238
050 _aTX 911.3.M27
_b.Si64 2013
100 _aSingh, Mahesh Chandra
245 _aHospitality success strategies /
_cMahesh Chandra Singh.
250 _a1st ed.
260 _aNew Delhi :
_bCentrum Press,
_cc2013.
300 _a256 p. :
_c23 cm.
500 _aIncludes bibliographical references and index.
521 _aTOU
650 _aHospitality industry
_xManagement.
650 _aTourism
_xManagement.
942 _kFOR
_cBK
999 _c48515
_d48515